Devinez la Capitale Mystère #11 - Statistiques

Statistiques générales
  • Ce quiz a été pris 302 fois
  • Le résultat moyen est 30 sur 35
Statistiques - réponses
Type de Réponse Réponse % Correct
Lettre de l'Alphabet I
100%
Lettre Trouvée R
100%
Lettre Trouvée S
100%
Lettre Trouvée A
99%
Lettre de l'Alphabet N
99%
Lettre Trouvée E
98%
Lettre de l'Alphabet L
98%
Lettre de l'Alphabet O
97%
Lettre Trouvée B
96%
Lettre de l'Alphabet P
95%
Lettre de l'Alphabet D
93%
Lettre de l'Alphabet M
93%
Lettre Trouvée T
93%
Lettre Trouvée U
93%
Lettre Bien Placée B
91%
Lettre de l'Alphabet K
91%
Lettre de l'Alphabet G
88%
Lettre de l'Alphabet V
87%
Lettre Bien Placée A
85%
Lettre Trouvée C
85%
Lettre de l'Alphabet H
84%
Lettre Bien Placée E
82%
Lettre Bien Placée R
82%
Lettre de l'Alphabet Y
82%
Lettre de l'Alphabet J
80%
Lettre de l'Alphabet W
80%
Lettre Bien Placée S
79%
Lettre de l'Alphabet X
78%
Lettre Bien Placée T
77%
Lettre Bien Placée U
76%
Lettre de l'Alphabet Z
74%
Lettre Bien Placée C
71%
Lettre de l'Alphabet F
71%
Lettre de l'Alphabet Q
71%
Capitale Mystère Bucarest
68%
Aucun quiz correspondant
Distribution des résultats
% des personnes avec chaque résultat
Percentile par nombre de réponses
Votre historique - résultats
Vous n’avez pas pris ce quiz